Star Shopping - Lil Peep (Full lyrics) - Statistics

General Stats
  • This quiz has been taken 30 times
  • The average score is 205 of 311
Answer Stats
Lyrics % Correct
I
100%
the
100%
The
100%
her,
96%
her
96%
here
96%
I'm
96%
know
96%
me,
96%
me
96%
me?
96%
that
96%
to
96%
you
96%
a
92%
A
92%
back
92%
be
92%
girl,
92%
important
92%
in
92%
more
92%
mornin'
92%
much
92%
no
92%
not
92%
perfect
92%
right
92%
Right
92%
than
92%
your
92%
But
88%
gorgeous
88%
I'll
88%
so
88%
So
88%
at
83%
Look
83%
now
83%
on
83%
we
83%
have
79%
Wait
79%
all
75%
of
75%
you're
75%
give
71%
Give
71%
one
71%
when
71%
it
67%
my
67%
reason
67%
shine,
67%
sky
67%
some
67%
stars
67%
tonight,
67%
why
67%
and,
63%
And
63%
and
63%
conversation
63%
don't
63%
face
63%
really
63%
time,
63%
time
63%
work
63%
worth
63%
Can
58%
for
58%
friends
58%
fuck
58%
Fuck
58%
If
58%
like
58%
week
58%
fallin'
54%
rotation,
54%
That's
54%
that's
54%
while
54%
only
50%
pieces
50%
blame
46%
'Cause
46%
Lil
46%
mine
46%
Peep
46%
hatin'
42%
least?
42%
Losin'
42%
over
42%
phone
42%
talkin'
42%
waist
42%
waitin'
42%
always
38%
by
38%
could
38%
Earth's
38%
exes
38%
get
38%
patience,
38%
pick
38%
she
38%
She
38%
up
38%
want
38%
did
33%
family
33%
is
33%
love
33%
None
33%
rings
33%
this
33%
This
33%
would
33%
flexin'
29%
nothing
29%
peace
29%
as
25%
myself
25%
Nobody
25%
Shout
25%
smokin'
25%
tell
25%
weed
25%
with
25%
'em
21%
everyone
21%
got
21%
help
21%
keepin'
21%
Makin'
21%
makin'
21%
text
21%
thing
21%
think
21%
ain't
17%
asked
17%
beats,
17%
fact,
17%
find
17%
it's
17%
Matter
17%
money
17%
music's
17%
never
17%
open
17%
out
17%
someone
17%
though,
17%
walk
17%
funny,
13%
preach
13%
sea
13%
someday
13%
way,
13%
comfortable
8%
helpin'
8%
Once
8%
comin',
4%
No matching quizzes found
Score Distribution
Percent of People with Each Score
Percentile by Number Answered
Your Score History
You have not taken this quiz